|
|
|
|
| LEADER |
01289nam a2200265 a 4500 |
| 001 |
4983092 |
| 008 |
091103s1998 wauab b 000 0 eng d |
| 010 |
|
|
|a 98060122
|
| 020 |
|
|
|a 1878071416 (pbk.)
|
| 040 |
|
|
|a DDOE
|c DDOE
|d PBfG
|d NcGU
|d ODaU
|d DLC
|
| 082 |
0 |
0 |
|a 332/.042
|2 21
|
| 100 |
1 |
|
|a French, Hilary F.
|
| 245 |
1 |
0 |
|a Investing in the future :
|b harnessing private capital flows for environmentally sustainable development /
|c Hilary F. French.
|
| 260 |
|
|
|a Washington, D.C. :
|b Worldwatch Institute,
|c c1998.
|
| 300 |
|
|
|a 68 p. :
|b ill., map ;
|c 22 cm.
|
| 490 |
0 |
|
|a Worldwatch paper ;
|v 139
|
| 500 |
|
|
|a "February 1998."
|
| 504 |
|
|
|a Includes bibliographical references (p. 53-68).
|
| 541 |
1 |
|
|e 00006487
|
| 505 |
0 |
|
|a Following the money -- Natural wealth--to squander or husband? -- The global factory -- The infrastructure boom -- The power of the purse -- Governance for a global economy.
|
| 650 |
|
0 |
|a Capital movements
|z Developing countries.
|
| 650 |
|
0 |
|a Sustainable development
|z Developing countries.
|
| 852 |
4 |
|
|a Ayesha Abed Library
|j General Shelf.
|
| 999 |
|
|
|c 5088
|d 5088
|
| 952 |
|
|
|0 0
|1 0
|2 ddc
|4 0
|6 332_042000000000000_FRE_1998
|7 0
|9 4941
|a BRACUL
|b BRACUL
|c GEN
|d 2009-11-04
|g 0.00
|l 0
|o 332.042 FRE
|p 3010006487
|r 2009-11-04
|t 1
|w 2009-11-04
|y BK
|x No price found in the accession register.
|